| 000 | 00361nam a22001457a 4500 | ||
|---|---|---|---|
| 003 | IN-BaIIA | ||
| 005 | 20250623114545.0 | ||
| 008 | 211214b ||||| |||| 00| 0 eng d | ||
| 022 | _a00113891 | ||
| 040 | _cIIA Library | ||
| 245 |
_aCurrent Science _h[Print Journal] |
||
| 260 |
_aIndia _bIndian Academy of Sciences |
||
| 310 | _a24/Year | ||
| 942 |
_cBV _s1 _2ddc |
||
| 999 |
_c35911 _d35911 |
||